| 000 | 00772nam a22002890a 4500 | ||
|---|---|---|---|
| 001 | PT39993 | ||
| 003 | AR-LpoUNG | ||
| 005 | 20210131230651.0 | ||
| 008 | 191001s2008||||ag |||||||||||||||||spa d | ||
| 020 |
_a9789871538010 _c$73 |
||
| 040 |
_aAR-LpoUNG _bspa _cAR-LpoUNG _eaacr |
||
| 041 | _aspa | ||
| 044 | _aag | ||
| 082 | 0 | _aR463 698int | |
| 100 | 1 |
_aPlager, Federico _ecoor. |
|
| 245 | 1 | 0 | _aDiccionario integral del español de la Argentina |
| 250 | _a1ª ed. | ||
| 260 |
_aBuenos Aires : _bVoz Activa, _c2008. |
||
| 300 |
_a1927 p. : _btbls., gráfs. |
||
| 650 | 4 | _aARGENTINA | |
| 650 | 4 | _aDICCIONARIOS | |
| 650 | 4 | _aMATERIAL DE REFERENCIA | |
| 650 | 4 | _aTERMINOLOGIA | |
| 651 | 4 | _aDOCUMENTOS TEORICOS O METODOLOGICOS | |
| 905 | _a39993 | ||
| 942 | _cLSALA | ||
| 999 |
_c5515 _d5515 |
||